Central Library OPAC University of Rajshahi

America through literature / (Record no. 17549)

MARC details
000 -LEADER
fixed length control field 00825nam a22002771 4500
001 - CONTROL NUMBER
control field 17549
003 - CONTROL NUMBER IDENTIFIER
rucl marc code BD-RjUL
005 - DATE AND TIME OF LATEST TRANSACTION
control field 20211209000147.0
008 - FIXED-LENGTH DATA ELEMENTS--GENERAL INFORMATION
fixed length control field 140217t19511948nyua 001 0 eng d
035 ## - SYSTEM CONTROL NUMBER
System control number (BD-RjUL)17607
System control number (OCoLC)5973791
040 ## - CATALOGING SOURCE
Original cataloging agency DLC
Transcribing agency KyLoU
Modifying agency KyLoU
-- DLC
-- BD-RjUL
Language of cataloging eng
041 ## - LANGUAGE CODE
Language code of text/sound track or separate title eng
082 00 - DEWEY DECIMAL CLASSIFICATION NUMBER
Classification number 810.82
Author mark and year AME 1951
245 10 - TITLE STATEMENT
Title America through literature /
Statement of responsibility, etc. by Luella B. Cook [et al...].
260 ## - PUBLICATION, DISTRIBUTION, ETC. (IMPRINT)
Place of publication, distribution, etc. New York :
Name of publisher, distributor, etc. Harcourt, Brace,
Date of publication, distribution, etc. 1948 [1951].
300 ## - PHYSICAL DESCRIPTION
Pagination xiii, 750 p. :
Illustrations illus.
Size 25 cm.
504 ## - BIBLIOGRAPHY, ETC. NOTE
Bibliography, etc Includes index.
650 #0 - SUBJECT ADDED ENTRY--TOPICAL TERM
Topical term or geographic name as entry element American literature.
9 (RLIN) 54079
651 #0 - SUBJECT ADDED ENTRY--GEOGRAPHIC NAME
Geographic name United States.
9 (RLIN) 54080
700 1# - ADDED ENTRY--PERSONAL NAME
Personal name Cook, Luella B.,
Fuller form of name (Luella Bussey),
Dates associated with a name 1890-
942 ## - ADDED ENTRY ELEMENTS (KOHA)
Source of classification or shelving scheme Dewey Decimal Classification
Koha item type Books
Holdings
Lost status Source of classification or shelving scheme Damaged status Not for loan Collection code Permanent Location Current Location Shelving location Date acquired Source of acquisition Total Checkouts Full call number Date last seen Copy number Koha item type
  Dewey Decimal Classification     Non-fiction Central Library, University of Rajshahi Central Library, University of Rajshahi   25/02/1958 USIS, Dacca.   810.82 AME 1951 17/02/2014 C-2 Books
  Dewey Decimal Classification   Not For Loan Non-fiction Central Library, University of Rajshahi Central Library, University of Rajshahi Reading Room 01/03/1958 U.S.I.S. Dhaka   810.82 AME 1951 22/12/2019 C-1 Books